Every former Yugoslav member - Statistics

General Stats
  • This quiz has been taken 14 times
  • The average score is 6 of 7
Answer Stats
Answer % Correct
Bosnia and Herzegovina
100%
Kosovo
100%
Serbia
100%
Croatia
92%
North Macedonia
92%
Montenegro
85%
Slovenia
77%
No matching quizzes found
Score Distribution
Percent of People with Each Score
Percentile by Number Answered
Your Score History
You have not taken this quiz